| 000 | 00704nam a22002057a 4500 | ||
|---|---|---|---|
| 005 | 20231129130519.0 | ||
| 010 | _aENG-138518 | ||
| 020 |
_a9789354423796 _c395.00 |
||
| 035 | _aEN-122050 | ||
| 037 | _bDBAD/PUB | ||
| 082 | _a954.035 | ||
| 245 |
_aSubhas Chandra Bose: _bLetters To Emilie Schenkl 1934-1942/ _cEdited By Sisir Kumar Bose and Sugata Bose |
||
| 250 | _aFirst | ||
| 260 |
_aHyderabad _bOrient Blackswan Private Limited _c2023 |
||
| 270 |
_a3-6-752, Himayatnagar _bHyderabad _e500029 _minfo@orientblackswan.com |
||
| 300 |
_a230p. _c22cm(pbk) |
||
| 700 |
_aBose, Sisir Kumar _eEditor _959192 |
||
| 700 |
_aBose, Sugata _eEditor _959193 |
||
| 942 |
_2ddc _cEN _h954.035 _mSUB |
||
| 999 |
_c199305 _d199305 |
||